| 000 | 00389cam a2200157ua 4500 | ||
|---|---|---|---|
| 041 |
_aeng _h |
||
| 082 |
_a824 _bLYN/ES |
||
| 100 | _aLynd, Robert . | ||
| 245 |
_aEssays on life and literature / _cRobert Lynd. _hTextual Documents |
||
| 250 |
_a1 / _b. |
||
| 260 |
_aLondon : _bJ M Dent and Sons Ltd , _c1951. |
||
| 300 | _a274 ; . | ||
| 504 | _a | ||
| 942 | _cBK | ||
| 999 |
_c12121 _d12121 |
||